000 00972nam a2200253 a 4500
005 20090909143113.0
008 990210s1999 nyua j 000 1 eng
010 _aB-357151
020 _c50.00
_a9788189973360
035 _aB-357151
037 _bDBAD / PUB
040 _adpl
_bEnglish
082 _aS
100 _aGupta, Mona
245 _aStories from Panchtantra /
_cby Mona Gupta
260 _aNew Delhi
_bMind Melodies
_c2008
270 _aA-18, Mohan Garden, Near Nawada Metro Station,
_bNew Delhi
_e110059
300 _a24p.:
_c25cm(pbk)
_bcol. ill
490 _aSelected stories for good living
520 _aA little girl falls down a rabbit hole and discovers a world of nonsensical and amusing characters.
650 _aChildren's stories, English
942 _2ddc
_cCH
_hS
_mGUP
999 _c30232
_d30232